Myasthenia gravis : Disease mechanism and immunointervention
שמור ב:
| פורמט: | ספר |
|---|---|
| שפה: | Undetermined |
| יצא לאור: |
New Delhi, India
Narosa Publishing House
2000
|
| נושאים: | |
| תגים: |
הוספת תג
אין תגיות, היה/י הראשונ/ה לתייג את הרשומה!
|
| Thư viện lưu trữ: | Trung tâm Học liệu Trường Đại học Cần Thơ |
|---|
| LEADER | 00568nam a2200193Ia 4500 | ||
|---|---|---|---|
| 001 | CTU_128262 | ||
| 008 | 210402s9999 xx 000 0 und d | ||
| 020 | |c 2705000 | ||
| 082 | |a 616.978071 | ||
| 082 | |b M995 | ||
| 245 | 0 | |a Myasthenia gravis : | |
| 245 | 0 | |b Disease mechanism and immunointervention | |
| 245 | 0 | |c Edited by Premkumar Christadoss | |
| 260 | |a New Delhi, India | ||
| 260 | |b Narosa Publishing House | ||
| 260 | |c 2000 | ||
| 650 | |a Myasthenia gravis.,Autoimmune Diseases | ||
| 904 | |i Minh | ||
| 980 | |a Trung tâm Học liệu Trường Đại học Cần Thơ | ||